|
|
|
|
| LEADER |
01723nam a2200409 a 4500 |
| 001 |
nkc20102087448 |
| 003 |
CZ PrNK |
| 005 |
20100412110421.0 |
| 007 |
ta |
| 008 |
100301s2010 xr ak f f 001 0 cze |
| 015 |
|
|
|a cnb002087448
|
| 020 |
|
|
|a 978-80-7262-660-1
|q (brož.)
|
| 035 |
|
|
|a (OCoLC)614287319
|
| 040 |
|
|
|a OLA001
|b cze
|d ABA001
|
| 072 |
|
7 |
|a 616
|x Patologie. Klinická medicína
|2 Konspekt
|9 14
|
| 080 |
|
|
|a 616-07:005.71
|2 MRF
|
| 080 |
|
|
|a 616-074/-079
|2 MRF
|
| 080 |
|
|
|a (035)
|2 MRF
|
| 245 |
0 |
0 |
|a Laboratorní příručka :
|b verze: VLP_8ÚKBP_1/2009_1 /
|c Ústav klinické biochemie a patobiochemie, Univerzita Karlova, 2. lékařská fakulta a Fakultní nemocnice v Motole
|
| 260 |
|
|
|a Praha :
|b Galén,
|c 2010
|
| 300 |
|
|
|a 177 s. :
|b il., formuláře ;
|c 21 cm
|
| 504 |
|
|
|a Obsahuje bibliografii a rejstřík
|
| 521 |
8 |
|
|a Určeno pracovníkům ve zdravotnictví a ve farmacii
|
| 650 |
0 |
7 |
|a klinické laboratoře
|7 ph121638
|2 czenas
|
| 650 |
0 |
7 |
|a laboratorní vyšetření
|7 ph137367
|2 czenas
|
| 650 |
0 |
9 |
|a clinical laboratories
|2 eczenas
|
| 650 |
0 |
9 |
|a laboratory examinations
|2 eczenas
|
| 655 |
|
7 |
|a příručky
|7 fd133209
|2 czenas
|
| 655 |
|
9 |
|a handbooks and manuals
|2 eczenas
|
| 710 |
2 |
|
|a Univerzita Karlova.
|b Lékařská fakulta, 2.
|b Ústav klinické biochemie a patobiochemie
|7 kn20030113002
|
| 710 |
2 |
|
|a Fakultní nemocnice v Motole (Praha, Česko)
|7 ko2002152562
|
| 856 |
4 |
1 |
|u http://www.digitalniknihovna.cz/mzk/uuid/uuid:7c60c0c0-3097-11e7-a38c-005056827e51
|y Digitalizovaný dokument
|x NDK
|
| 910 |
2 |
|
|a BOA001
|b 2-1239.905
|
| 990 |
|
|
|a BK
|
| 995 |
|
|
|a 01
|
| 991 |
|
|
|b 201004
|c NOV
|
| 996 |
6 |
|
|b 2610424268
|c 2-1239.905
|l MZK
|r Sklad / do 1 hodiny
|n 1
|p p.v.
|w 001114754
|u 000010
|a 1
|e BOA001
|j MZK50
|s P
|